000 00642nam a22002057a 4500
005 20251108165903.0
008 250721s1992 xx 000 0 ara d
082 1 4 _aط/591/هخت
100 1 _aهخت، يسي .م
245 1 0 _aالثعابين /
250 _aط6
264 1 _aالقاهرة :
_bالجمعية المصرية لنشر المعرفة و الثقافة العالمية،
_c1992.
300 _a116ص
490 0 _aكل شيئ عن ؛ 20
650 1 7 _aالثعابين
653 _aناشئون صغار (10-14)سنة
700 1 _aكامل، عبد الحليم
_eترجمة
942 _2ddc
_cBK
999 _c33933
_d33933